Data mining in dynamic social networks and fuzzy systems / (رقم التسجيلة. 35217)

تفاصيل مارك
000 -الفاتح
حقل البيانات ثابتة الطول 01121nam a22002897a 4500
003 - محدد رقم الضبط
رقم الضبط OSt
005 - وقت وتاريخ اخر تعامل مع التسجيلة
رقم الضبط 20150408114219.0
008 - عناصر البيانات ثابتة الطول - معلومات عامة
حقل البيانات ثابتة الطول 140520s2013 paua g b 001 0 eng d
020 ## - الرقم الدولى المعيارى للكتب
الرقم الدولى المعيارى للكتاب 9781466642133 (hardcover)
020 ## - الرقم الدولى المعيارى للكتب
الرقم الدولى المعيارى للكتاب الملغى /الخاطئ 9781466642140 (ebook)
020 ## - الرقم الدولى المعيارى للكتب
الرقم الدولى المعيارى للكتاب الملغى /الخاطئ 9781466642157 (print & perpetual access)
040 ## - مصدر الفهرسة
وكالة الفهرسة الأصلية Ma-Un
082 00 - رقم تصنيف ديوى العشرى
رقم الطبعة 22
رقم التصنيف 006.312
رقم المادة BVD
100 1# - المدخل الرئيسى - إسم شخصى
الإسم الشخصى Bhatnagar, Vishal,
التواريخ المصاحبة للاسم 1977-
9 (RLIN) 45464
245 10 - بيان العنوان
العنوان Data mining in dynamic social networks and fuzzy systems /
بيان المسئوليه,etc Vishal Bhatnagar.
300 ## - الوصف المادى
التعداد xxviii, 382 p. :
تفاصيل ماديه اخرى للوعاء ill. ;
أبعاد الوعاء 29 cm.
490 0# - بيان السلسلة
عنوان السلسلة Advances in data mining and database management (ADMDM) book series,
الرقم الدولى المعيارى للدوريات 2327-1981
490 0# - بيان السلسلة
عنوان السلسلة Premier reference source
504 ## - تبصرة ببليوجرافية
تبصرة ببليوجرافية,الخ Includes bibliographical references (pages 346-373) and index.
650 ## - المدخل الاضافى بالموضوع-مصطلح موضوعى
مصطلح موضوعي أو اسم جغرافي كعنصر مدخل Social networks
التقسيم الفرعي العام Research
9 (RLIN) 45465
650 ## - المدخل الاضافى بالموضوع-مصطلح موضوعى
مصطلح موضوعي أو اسم جغرافي كعنصر مدخل Social sciences
التقسيم الفرعي العام Network analysis
9 (RLIN) 45466
650 ## - المدخل الاضافى بالموضوع-مصطلح موضوعى
مصطلح موضوعي أو اسم جغرافي كعنصر مدخل Online social networks
التقسيم الفرعي العام Research
9 (RLIN) 45467
650 ## - المدخل الاضافى بالموضوع-مصطلح موضوعى
مصطلح موضوعي أو اسم جغرافي كعنصر مدخل Data mining
650 ## - المدخل الاضافى بالموضوع-مصطلح موضوعى
مصطلح موضوعي أو اسم جغرافي كعنصر مدخل Fuzzy systems
942 ## -
-- ddc
-- BOOK
999 ## -
-- 35217
-- 269717
المقتنيات
حالة الفقد نموذج السعر الفعال حالة تلف ليس للاعارة رقم الطلب رقم النسخة تاريخ الاكتساب مصدر التزويد Serial Enumeration / chronology الباركود الفرع الرئيسي Date last seen نوع المادة فى نظام كوها مصدر التصنيف او خطة الترفيف Total Checkouts
  2014-05-20   Not For Loan 006.312 BVD 1 2014-05-20 دار العرب CL 00211118 المكتبة المركزية بالمجمعة (CL) 2014-05-20 كتاب Dewey Decimal Classification  
  2014-05-20   Not For Loan 006.312 BVD 1 2014-05-20 دار العرب SZM 00211120 مكتبة مجمع الكليات بالزلفى - طلاب (SZM) 2014-05-20 كتاب Dewey Decimal Classification  
  2014-05-20     006.312 BVD 2 2014-05-20 دار العرب SZM 00211119 مكتبة مجمع الكليات بالزلفى - طلاب (SZM) 2014-05-20 كتاب Dewey Decimal Classification